00539nam a22001577a 4500003000400000008004100004020001800045082002000063100002300083245009100106250001300197260003100210300001600241650009900257700002500356OSt260629b |||||||| |||| 00| 0 eng d a9781119874034 a519.50285bC53M aChihara, Laura M.  aMathematical Statistics with Resampling and R/ by Laura M. Chihara, Tim C. Hesterberg  a3rd. ed. aChennai : bWiley, c2018. axvi, 555 p. aNatural sciences & mathematics | Probabilities & applied mathematics | Mathematical statistics aHesterberg , Tim C.